[Event "Wroclaw Anderssen Memorial op 21st"]
[Site "Wroclaw"]
[Date "2012.06.30"]
[Round "6"]
[White "Krasenkow, Michal"]
[Black "Szromba, Krzysztof"]
[Result "1-0"]
[WhiteElo "2604"]
[BlackElo "2182"]
[PlyCount "93"]
[EventDate "2012.06.30"]
[EventType "swiss (rapid)"]
[EventRounds "9"]
[EventCountry "POL"]
[SourceTitle "CBM 149 Extra"]
[Source "ChessBase"]
[SourceDate "2012.08.24"]
[SourceVersion "1"]
[SourceVersionDate "2012.08.24"]
[SourceQuality "1"]

1. Nf3 f5 2. d3 Nf6 3. e4 d6 4. e5 dxe5 5. Nxe5 Nbd7 6. Bf4 e6 7. d4 Nxe5 8. Bxe5 Bd6 9. Nc3 c6 10. Qe2 0-0 11. 0-0-0 Qc7 12. Bxd6 Qxd6 13. Qf3 Bd7 14. Bc4 b5 15. Bb3 Nd5 16. Ne2 a5 17. Bxd5 exd5 18. Qf4 Qf6 19. Qc7 Qd8 20. Qxd8 Raxd8 21. Nf4 Kf7 22. Nd3 Ke7 23. f4 Kd6 24. Ne5 Be8 25. Kd2 Bh5 26. Rde1 b4 27. Re3 c5 28. dxc5+ Kxc5 29. a3 Rfe8 30. axb4+ axb4 31. Ra1 Ra8 32. Rxa8 Rxa8 33. Nd3+ Kc4 34. Re7 Ra1 35. Rc7+ Kb5 36. Rc5+ Kb6 37. Rxd5 Rg1 38. Ne1 Rf1 39. Nd3 Rg1 40. Nxb4 Rxg2+ 41. Kc3 Rxh2 42. Rxf5 Bg6 43. Rg5 Rf2 44. Nd3 Rf3 45. Rg4 Kc7 46. Kd4 Kd6 47. Ne5 1-0

[Event "POL-chT 2nd League"]
[Site "Miedzyzdroje"]
[Date "2009.09.14"]
[Round "3"]
[White "Szromba, Krzysztof"]
[Black "Bukojemski, Adam"]
[Result "1/2-1/2"]
[WhiteElo "2162"]
[BlackElo "2206"]
[PlyCount "93"]
[EventDate "2009.09.12"]
[EventType "team-swiss"]
[EventRounds "9"]
[EventCountry "POL"]
[SourceTitle "EXT 2019"]
[Source "ChessBase"]
[SourceDate "2018.10.10"]
[SourceVersion "1"]
[SourceVersionDate "2018.10.10"]
[SourceQuality "1"]
[WhiteTeam "Krakow TKKF Drogowiec"]
[BlackTeam "Krakow KKSz 1893"]
[WhiteTeamCountry "POL"]
[BlackTeamCountry "POL"]

1. d4 Nf6 2. c4 g6 3. Nc3 Bg7 4. Nf3 0-0 5. e4 d6 6. Be2 e5 7. 0-0 Nbd7 8. Re1 c6 9. Bf1 a5 10. Rb1 Re8 11. d5 Nc5 12. b3 cxd5 13. cxd5 Bg4 14. h3 Bd7 15. Nd2 Rc8 16. Nc4 Bf8 17. b4 axb4 18. Rxb4 b5 19. Nxb5 Bxb5 20. Rxb5 Nfxe4 21. Qf3 f5 22. Na5 Qf6 23. Nc6 Qf7 24. Rb4 Ra8 25. Bc4 Bg7 26. Be3 f4 27. Bc1 Nf6 28. Nxe5 Qf8 29. Bxf4 dxe5 30. Rxe5 Rxe5 31. Bxe5 Nfd7 32. Qxf8+ Rxf8 33. Bd6 Re8 34. Kf1 Bf8 35. Bxf8 Kxf8 36. Bb5 Ke7 37. Rh4 Rh8 38. a4 Kd6 39. Bc6 Nb6 40. Rd4 Ke5 41. Rg4 Rf8 42. a5 Nxd5 43. Rg5+ Rf5 44. Rxf5+ gxf5 45. Bxd5 Kxd5 46. Ke2 Ke4 47. f3+ 1/2-1/2

[Event "Krakow op-A 19th"]
[Site "Krakow"]
[Date "2008.12.30"]
[Round "5"]
[White "Szromba, Krzysztof"]
[Black "Nasuta, Grzegorz"]
[Result "0-1"]
[WhiteElo "2158"]
[BlackElo "2081"]
[PlyCount "66"]
[EventDate "2008.12.26"]
[EventType "swiss"]
[EventRounds "9"]
[EventCountry "POL"]
[SourceTitle "CBM 128 Extra"]
[Source "ChessBase"]
[SourceDate "2009.03.05"]
[SourceVersion "2"]
[SourceVersionDate "2009.03.25"]
[SourceQuality "1"]

1. f4 d5 2. Nf3 Nf6 3. g3 Bf5 4. Bg2 e6 5. 0-0 Bc5+ 6. d4 Bd6 7. c4 c6 8. Nc3 Ne4 9. Qb3 Qc7 10. cxd5 Nxc3 11. bxc3 exd5 12. Nh4 Bd7 13. Rb1 b5 14. e4 dxe4 15. Bxe4 Be6 16. Qc2 Nd7 17. Bxh7 Bxa2 18. Re1+ Kf8 19. Qxa2 Rxh7 20. Nf5 Kg8 21. Ne7+ Bxe7 22. Rxe7 g6 23. Ba3 Qd8 24. f5 gxf5 25. Rf1 b4 26. Bxb4 c5 27. Qd5 Qxe7 28. Qxa8+ Kg7 29. dxc5 Qe3+ 30. Kg2 Ne5 31. h3 Nd3 32. Qf3 Qd2+ 33. Rf2 Ne1+ 0-1

[Event "POL-chT 2nd League"]
[Site "Ustron"]
[Date "2008.09.12"]
[Round "7.28"]
[White "Seifert, Henryk"]
[Black "Szromba, Krzysztof"]
[Result "1-0"]
[WhiteElo "2235"]
[BlackElo "2186"]
[PlyCount "116"]
[EventDate "2008.09.06"]
[EventType "team-swiss"]
[EventRounds "9"]
[EventCountry "POL"]
[SourceTitle "EXT 2015"]
[Source "ChessBase"]
[SourceDate "2014.11.20"]
[SourceVersion "1"]
[SourceVersionDate "2014.11.20"]
[SourceQuality "1"]
[WhiteTeam "Pawlowice GKS Pniowek 74"]
[BlackTeam "Krakow KKSz"]
[WhiteTeamCountry "POL"]
[BlackTeamCountry "POL"]

1. e4 c5 2. Nf3 Nc6 3. Bb5 g6 4. 0-0 Bg7 5. c3 e5 6. d4 cxd4 7. cxd4 Nxd4 8. Nxd4 exd4 9. e5 Ne7 10. Bg5 0-0 11. Re1 h6 12. Bh4 g5 13. Bg3 d6 14. Bd3 dxe5 15. Bxe5 Bxe5 16. Rxe5 Nc6 17. Rb5 a6 18. Rc5 Qe7 19. Rc1 Nb4 20. Na3 Nxd3 21. Qxd3 Qf6 22. Rc5 Bg4 23. Qe4 Bh5 24. Nc4 Rac8 25. Rxc8 Rxc8 26. Ne5 Rd8 27. g4 Bg6 28. Nxg6 fxg6 29. Rd1 b5 30. h3 Qd6 31. Rc1 Qf8 32. Qxg6+ Qg7 33. Qd3 Qh7 34. Qxh7+ Kxh7 35. Kf1 Re8 36. Rc7+ Kg8 37. Rd7 Re4 38. Rd6 Kg7 39. Rxa6 d3 40. Rd6 Re2 41. b3 Rxa2 42. Rxd3 Rb2 43. Kg2 Kf6 44. Re3 Kf7 45. Kg3 Kf6 46. f3 Kf7 47. h4 Kf6 48. h5 Rb1 49. Rc3 b4 50. Re3 Rg1+ 51. Kf2 Rb1 52. Ke2 Rb2+ 53. Kd1 Kf7 54. Kc1 Rf2 55. Re4 Rxf3 56. Rxb4 Kf6 57. Kd2 Ke5 58. Ke2 Rg3 1-0

[Event "POL-chT 2nd League"]
[Site "Ustron"]
[Date "2008.09.10"]
[Round "4.34"]
[White "Szromba, Krzysztof"]
[Black "Gawronski, Miroslaw"]
[Result "0-1"]
[WhiteElo "2186"]
[BlackElo "2279"]
[PlyCount "64"]
[EventDate "2008.09.06"]
[EventType "team-swiss"]
[EventRounds "9"]
[EventCountry "POL"]
[SourceTitle "EXT 2015"]
[Source "ChessBase"]
[SourceDate "2014.11.20"]
[SourceVersion "1"]
[SourceVersionDate "2014.11.20"]
[SourceQuality "1"]
[WhiteTeam "Krakow KKSz"]
[BlackTeam "Torun AZS UMK"]
[WhiteTeamCountry "POL"]
[BlackTeamCountry "POL"]

1. d4 d5 2. c4 dxc4 3. e4 b5 4. a4 Bb7 5. axb5 Bxe4 6. Nc3 Bb7 7. Nf3 Nf6 8. Bxc4 e6 9. 0-0 Nbd7 10. Bxe6 fxe6 11. Ng5 Nb6 12. Nxe6 Qc8 13. Re1 Kf7 14. Qb3 Bd5 15. Nxd5 Nbxd5 16. Bg5 Qb7 17. Ra6 Bb4 18. Re5 Rhd8 19. Nxd8+ Rxd8 20. Bxf6 gxf6 21. Qf3 Qxb5 22. Qh5+ Kg8 23. Rxf6 Qd3 24. Qf7+ Kh8 25. h3 Rf8 26. Re8 Nxf6 27. Qxf6+ Kg8 28. Qe6+ Kg7 29. Qe5+ Rf6 30. Qxc7+ Kh6 31. Qe5 Qd1+ 32. Kh2 Bd6 0-1

[Event "Rewal op-A 13th"]
[Site "Rewal"]
[Date "2008.08.29"]
[Round "9"]
[White "Szromba, Krzysztof"]
[Black "Cagara, Paulina"]
[Result "1/2-1/2"]
[WhiteElo "2186"]
[BlackElo "2078"]
[PlyCount "51"]
[EventDate "2008.08.20"]
[EventType "swiss"]
[EventRounds "9"]
[EventCountry "POL"]
[SourceTitle "CBM 126 Extra"]
[Source "ChessBase"]
[SourceDate "2008.11.05"]
[SourceVersion "1"]
[SourceVersionDate "2008.11.05"]
[SourceQuality "1"]

1. d4 f5 2. g3 Nf6 3. Bg2 g6 4. Nf3 Bg7 5. 0-0 0-0 6. c4 d6 7. Nc3 Qe8 8. d5 a5 9. Nd4 Na6 10. e4 fxe4 11. Nxe4 Nxe4 12. Bxe4 Bh3 13. Re1 Nc5 14. Bh1 Qf7 15. Be3 Bd7 16. Qd2 Bf6 17. Bh6 Bg7 18. Bxg7 Kxg7 19. Re3 Kh8 20. Rae1 Rae8 21. f4 Qf6 22. Nf3 b6 23. Ng5 e5 24. dxe6 Nxe6 25. Nxe6 Rxe6 26. Bd5 1/2-1/2

[Event "Rewal op-A 13th"]
[Site "Rewal"]
[Date "2008.08.28"]
[Round "8"]
[White "Klim, Kamil"]
[Black "Szromba, Krzysztof"]
[Result "1-0"]
[WhiteElo "2181"]
[BlackElo "2186"]
[PlyCount "37"]
[EventDate "2008.08.20"]
[EventType "swiss"]
[EventRounds "9"]
[EventCountry "POL"]
[SourceTitle "CBM 126 Extra"]
[Source "ChessBase"]
[SourceDate "2008.11.05"]
[SourceVersion "1"]
[SourceVersionDate "2008.11.05"]
[SourceQuality "1"]

1. d4 f5 2. Nf3 Nf6 3. g3 g6 4. Bg2 Bg7 5. 0-0 0-0 6. c4 d6 7. Nc3 Qe8 8. d5 a5 9. e4 Nxe4 10. Nxe4 fxe4 11. Ng5 e3 12. Bxe3 Bxb2 13. Rb1 Bf6 14. Ne6 Bxe6 15. dxe6 c5 16. Bh6 Bg7 17. Bxg7 Kxg7 18. Rxb7 Rf6 19. Qxd6 1-0

[Event "Krakow op"]
[Site "Krakow"]
[Date "2006.05.07"]
[Round "9"]
[White "Stoma, Pawel"]
[Black "Szromba, Krzysztof"]
[Result "1/2-1/2"]
[WhiteElo "2260"]
[BlackElo "2222"]
[PlyCount "79"]
[EventDate "2006.04.27"]
[EventType "swiss"]
[EventRounds "9"]
[EventCountry "POL"]
[SourceTitle "CBM 112 Extra"]
[Source "ChessBase"]
[SourceDate "2006.07.14"]
[SourceVersion "1"]
[SourceVersionDate "2006.07.14"]
[SourceQuality "1"]

1. e4 c5 2. Nf3 Nc6 3. d4 cxd4 4. Nxd4 Nf6 5. Nc3 e5 6. Nde2 Bc5 7. Ng3 0-0 8. Be2 h6 9. 0-0 a6 10. Nd5 d6 11. Nxf6+ Qxf6 12. c3 b5 13. b4 Bb6 14. a4 bxa4 15. Rxa4 Ne7 16. Be3 Bxe3 17. fxe3 Qg5 18. Qxd6 Qxe3+ 19. Kh1 Ng6 20. Bc4 Be6 21. Bxe6 fxe6 22. Rxa6 Rxa6 23. Qxa6 Rxf1+ 24. Nxf1 Qxc3 25. Qxe6+ Kh7 26. b5 Qd3 27. Qf5 Qxb5 28. h4 Kh8 29. g3 Qe2 30. Nh2 Qd1+ 31. Kg2 Qd2+ 32. Kh3 Qd6 33. Ng4 Ne7 34. Qxe5 Qd7 35. h5 Ng8 36. Qd5 Qc8 37. e5 Qf5 38. Qd1 Qxh5+ 39. Kg2 Qf5 40. Qf3 1/2-1/2

[Event "Krakow op"]
[Site "Krakow"]
[Date "2006.05.04"]
[Round "6"]
[White "Polishchuk, Oleg"]
[Black "Szromba, Krzysztof"]
[Result "1/2-1/2"]
[WhiteElo "2324"]
[BlackElo "2222"]
[PlyCount "102"]
[EventDate "2006.04.27"]
[EventType "swiss"]
[EventRounds "9"]
[EventCountry "POL"]
[SourceTitle "CBM 112 Extra"]
[Source "ChessBase"]
[SourceDate "2006.07.14"]
[SourceVersion "1"]
[SourceVersionDate "2006.07.14"]
[SourceQuality "1"]

1. d4 f5 2. g3 Nf6 3. Bg2 g6 4. Nh3 Bg7 5. Nf4 Nc6 6. d5 Ne5 7. h4 c6 8. Nc3 Nfg4 9. 0-0 0-0 10. e4 Qb6 11. a4 a5 12. exf5 gxf5 13. Ra3 Qc5 14. Nd3 Nxd3 15. Qxd3 b6 16. dxc6 dxc6 17. Be3 Nxe3 18. Qxe3 Qxe3 19. fxe3 Ba6 20. Bxc6 Rad8 21. Rf2 Rd6 22. Bb5 Bxb5 23. axb5 Be5 24. Kg2 Rg6 25. Rf3 Rd8 26. Rxf5 Rd2+ 27. Kf1 Bd6 28. h5 Re6 29. Ra4 Bb4 30. Nd5 Rxc2 31. Nxb4 axb4 32. Rxb4 Kg7 33. Rf2 Rc5 34. g4 Rxe3 35. Re2 Rxe2 36. Kxe2 Kf6 37. Kf3 Kg5 38. Rf4 Rxb5 39. b4 e5 40. Rf5+ Kh6 41. Kg3 Kg7 42. g5 Rxb4 43. Rxe5 Rb1 44. Re7+ Kg8 45. Re8+ Kf7 46. Rh8 Kg7 47. Rb8 Rg1+ 48. Kf4 Rf1+ 49. Ke3 Re1+ 50. Kf2 Re5 51. h6+ Kg6 1/2-1/2

[Event "Krakow op"]
[Site "Krakow"]
[Date "2006.05.01"]
[Round "3"]
[White "Sharapov, Evgeny"]
[Black "Szromba, Krzysztof"]
[Result "1-0"]
[WhiteElo "2413"]
[BlackElo "2222"]
[PlyCount "127"]
[EventDate "2006.04.27"]
[EventType "swiss"]
[EventRounds "9"]
[EventCountry "POL"]
[SourceTitle "CBM 112 Extra"]
[Source "ChessBase"]
[SourceDate "2006.07.14"]
[SourceVersion "1"]
[SourceVersionDate "2006.07.14"]
[SourceQuality "1"]

1. e4 c5 2. Nf3 Nc6 3. d4 cxd4 4. Nxd4 Nf6 5. Nc3 e5 6. Ndb5 d6 7. Bg5 a6 8. Na3 b5 9. Nd5 Be7 10. Bxf6 Bxf6 11. c3 Rb8 12. Nc2 Bg5 13. a4 bxa4 14. Ncb4 Bd7 15. Bxa6 Nxb4 16. Nxb4 Qa5 17. Qxd6 Rb6 18. Qd3 Be7 19. Nd5 Rxb2 20. 0-0 Bc5 21. Qg3 Kf8 22. Bc4 Bb5 23. Bxb5 Qxb5 24. Qxe5 a3 25. Qc7 g6 26. c4 Qxc4 27. Rac1 Bxf2+ 28. Rxf2 Qxc7 29. Rxc7 Rb1+ 30. Rf1 Rxf1+ 31. Kxf1 Kg7 32. Ra7 Re8 33. Nc3 Re5 34. Rxa3 f5 35. Ra7+ Kh6 36. exf5 Rxf5+ 37. Ke2 g5 38. Ne4 Kg6 39. Rc7 Ra5 40. Rc6+ Kg7 41. Kf3 Rf5+ 42. Ke3 Ra5 43. h3 Ra3+ 44. Rc3 Ra5 45. g4 Kg6 46. Ng3 Ra6 47. Rd3 Ra5 48. Kf3 Ra4 49. Rd6+ Kf7 50. Rd7+ Kg6 51. Nf5 h5 52. Rd6+ Kf7 53. Ne3 hxg4+ 54. hxg4 Rf4+ 55. Kg3 Ra4 56. Rd3 Kg6 57. Nf1 Ra5 58. Nd2 Rb5 59. Ne4 Ra5 60. Rd6+ Kg7 61. Rc6 Ra3+ 62. Rc3 Ra5 63. Rc5 Ra3+ 64. Kf2 1-0

[Event "POL-chT 2nd League"]
[Site "Polanica Zdroj"]
[Date "2004.09.12"]
[Round "11.98"]
[White "Szromba, Krzysztof"]
[Black "Wozniak, Maciej"]
[Result "1/2-1/2"]
[WhiteElo "2193"]
[BlackElo "2148"]
[PlyCount "101"]
[EventDate "2004.09.04"]
[EventType "team-swiss"]
[EventRounds "11"]
[EventCountry "POL"]
[SourceTitle "EXT 2019"]
[Source "ChessBase"]
[SourceDate "2018.10.10"]
[SourceVersion "1"]
[SourceVersionDate "2018.10.10"]
[SourceQuality "1"]
[WhiteTeam "Krakow Korona"]
[BlackTeam "Rzeszow Zelmer II"]
[WhiteTeamCountry "POL"]
[BlackTeamCountry "POL"]

1. c4 e5 2. Nc3 Nc6 3. g3 g6 4. Bg2 Bg7 5. d3 f5 6. e4 d6 7. Nge2 Nh6 8. 0-0 0-0 9. f4 Be6 10. Nd5 Qd7 11. Rb1 Nd8 12. b3 c6 13. Ndc3 Ndf7 14. d4 fxe4 15. Nxe4 exd4 16. Nxd4 Bh3 17. Bxh3 Qxh3 18. Nf2 Qd7 19. Bb2 Rfe8 20. Qd2 Rad8 21. Rbd1 d5 22. Nf3 Bxb2 23. Qxb2 Qf5 24. Qc3 dxc4 25. Qxc4 Kg7 26. Rxd8 Nxd8 27. Qd4+ Kg8 28. Ng5 c5 29. Qc4+ Nhf7 30. Rd1 Ne6 31. Nfe4 Nexg5 32. Nxg5 b6 33. Kf2 h6 34. g4 Qf6 35. Nxf7 Qxf7 36. Qxf7+ Kxf7 37. Kf3 Kf6 38. h4 Re7 39. a4 a6 40. Rd5 Re1 41. f5 gxf5 42. Rxf5+ Kg7 43. Rd5 Rb1 44. Rd7+ Kf6 45. Rd6+ Ke5 46. Rxb6 c4 47. Rxh6 c3 48. Rc6 Rxb3 49. h5 c2+ 50. Ke2 Rb4 51. g5 1/2-1/2

[Event "POL-chT 2nd League"]
[Site "Polanica Zdroj"]
[Date "2004.09.09"]
[Round "7"]
[White "Szromba, Krzysztof"]
[Black "Murawski, Eugeniusz"]
[Result "0-1"]
[WhiteElo "2193"]
[BlackElo "2017"]
[PlyCount "72"]
[EventDate "2004.09.04"]
[EventType "team-swiss"]
[EventRounds "11"]
[EventCountry "POL"]
[SourceTitle "CBM 102 Extra"]
[Source "ChessBase"]
[SourceDate "2004.11.03"]
[SourceVersion "1"]
[SourceVersionDate "2004.11.03"]
[SourceQuality "1"]
[WhiteTeam "Krakow Korona"]
[BlackTeam "Srem LKS Piast"]
[WhiteTeamCountry "POL"]
[BlackTeamCountry "POL"]

1. d4 Nf6 2. c4 c5 3. d5 Ne4 4. Qc2 Qa5+ 5. Nd2 Nd6 6. e4 g6 7. Bd3 Bg7 8. Ngf3 Na6 9. 0-0 Nb4 10. Qb1 Nxd3 11. Qxd3 b5 12. e5 Nxc4 13. Nxc4 bxc4 14. Qe4 Rb8 15. Nd2 Ba6 16. d6 e6 17. Rd1 0-0 18. Nb1 f6 19. Bd2 Qd8 20. Bc3 fxe5 21. Nd2 Qg5 22. Nf3 Qf4 23. Qe1 e4 24. Bxg7 Kxg7 25. Nd2 Rxb2 26. Nxe4 Qe5 27. Nxc5 Qxe1+ 28. Rxe1 Rfxf2 29. Nxa6 Rxg2+ 30. Kh1 Rxh2+ 31. Kg1 Rbg2+ 32. Kf1 h5 33. Re4 Rd2 34. Kg1 h4 35. Rd1 Rdg2+ 36. Kf1 h3 0-1

[Event "POL-ch U18"]
[Site "Leba"]
[Date "2004.04.02"]
[Round "8"]
[White "Duda, Lukasz"]
[Black "Szromba, Krzysztof"]
[Result "1-0"]
[WhiteElo "2145"]
[BlackElo "2220"]
[PlyCount "133"]
[EventDate "2004.03.27"]
[EventType "swiss"]
[EventRounds "11"]
[EventCountry "POL"]
[SourceTitle "EXT 2005"]
[Source "ChessBase"]
[SourceDate "2004.11.15"]
[SourceVersion "1"]
[SourceVersionDate "2004.11.15"]
[SourceQuality "1"]

1. e4 c5 2. Nc3 Nc6 3. d3 g6 4. g3 Bg7 5. Be3 d6 6. Bg2 e5 7. Qd2 Nd4 8. Nd1 Ne7 9. c3 Ne6 10. Bh6 0-0 11. h4 f5 12. Bxg7 Nxg7 13. Ne2 d5 14. f4 c4 15. exd5 cxd3 16. Qxd3 e4 17. Qd4 Nxd5 18. Ne3 Be6 19. Rd1 Nxe3 20. Qxe3 Qa5 21. a3 Bb3 22. Rd2 Rfd8 23. Nd4 Bc4 24. h5 Nxh5 25. Rxh5 gxh5 26. Bh3 Bf7 27. Nxf5 Rxd2 28. Qxd2 Rd8 29. Nd4 Qd5 30. f5 Qd6 31. Qe3 Kh8 32. Kf2 Rg8 33. Bg2 Bd5 34. Ne2 Qe5 35. Bh3 Bc6 36. Nf4 Bd7 37. f6 Bxh3 38. f7 Bf5 39. fxg8R+ Kxg8 40. Nxh5 Bg4 41. Nf4 Qb5 42. Qd2 Qb6+ 43. Kf1 Qb5+ 44. Ke1 h5 45. Qd8+ Kf7 46. Qc7+ Kg8 47. b4 e3 48. Qd8+ Kf7 49. Qd4 e2 50. Qe4 Qa6 51. Qh7+ Ke8 52. Qg8+ Kd7 53. Qf7+ Kc8 54. Qe8+ Kc7 55. Qe7+ Kc8 56. Qc5+ Kd8 57. Nd5 Qe6 58. Qc7+ Ke8 59. Qxb7 Qe5 60. Qc7 Bd7 61. Nf6+ Kf7 62. Qxd7+ Kxf6 63. Qd4 Qxd4 64. cxd4 Kf5 65. Kxe2 Ke4 66. d5 Kxd5 67. Kd3 1-0

[Event "POL-ch U18"]
[Site "Leba"]
[Date "2004.03.29"]
[Round "3"]
[White "Szromba, Krzysztof"]
[Black "Kubit, Tomasz"]
[Result "1/2-1/2"]
[WhiteElo "2220"]
[BlackElo "2088"]
[PlyCount "118"]
[EventDate "2004.03.27"]
[EventType "swiss"]
[EventRounds "11"]
[EventCountry "POL"]
[SourceTitle "EXT 2005"]
[Source "ChessBase"]
[SourceDate "2004.11.15"]
[SourceVersion "1"]
[SourceVersionDate "2004.11.15"]
[SourceQuality "1"]

1. c4 b6 2. Nc3 Bb7 3. d4 e6 4. e3 Bb4 5. Qc2 f5 6. a3 Bxc3+ 7. Qxc3 Nf6 8. f3 d6 9. Bd3 Nh5 10. Qc2 Qh4+ 11. Qf2 Qxf2+ 12. Kxf2 Nd7 13. Ne2 0-0 14. Nc3 a6 15. b3 Nhf6 16. Bc2 Rae8 17. Bb2 g6 18. Rad1 e5 19. dxe5 Nxe5 20. h3 Re7 21. Rhe1 Rfe8 22. Bb1 a5 23. Nb5 Kf7 24. Ba2 Nc6 25. Bc3 Bc8 26. g4 fxg4 27. hxg4 Ne5 28. g5 Nfg4+ 29. fxg4 Nxg4+ 30. Kg1 Rxe3 31. Rxe3 Rxe3 32. Rf1+ Kg8 33. Rf4 Bd7 34. Bd4 Re1+ 35. Rf1 Re2 36. Nc3 Rd2 37. Rd1 Rb2 38. Bb1 c5 39. Bf6 Rxb3 40. Ne4 Bf5 41. Re1 Bxe4 42. Bxe4 Rg3+ 43. Kf1 Nxf6 44. gxf6 Kf7 45. a4 Kxf6 46. Kf2 Ra3 47. Bc6 g5 48. Rh1 Rc3 49. Bb5 Kg7 50. Rd1 Rh3 51. Rxd6 Rh6 52. Rd5 Rf6+ 53. Kg3 h6 54. Kg4 Rf4+ 55. Kg3 Rf6 56. Rd7+ Rf7 57. Kg4 Rxd7 58. Bxd7 Kg6 59. Be8+ Kf6 1/2-1/2

[Event "POL-chT2 U18"]
[Site "Sielpa"]
[Date "2004.??.??"]
[Round "11"]
[White "Szoen, Dariusz"]
[Black "Szromba, Krzysztof"]
[Result "1/2-1/2"]
[WhiteElo "2345"]
[BlackElo "2230"]
[PlyCount "115"]
[EventDate "2004.??.??"]
[EventType "team"]
[EventRounds "11"]
[EventCountry "POL"]
[SourceTitle "EXT 2007"]
[Source "ChessBase"]
[SourceDate "2006.11.23"]
[SourceVersion "1"]
[SourceVersionDate "2006.11.23"]
[SourceQuality "1"]

1. e4 c5 2. Nc3 Nc6 3. Nf3 Nf6 4. Bb5 Nd4 5. e5 Nxb5 6. Nxb5 Nd5 7. Ng5 f5 8. Qf3 e6 9. h4 Qb6 10. Nc3 Nb4 11. Kd1 Qc6 12. Qg3 d5 13. a3 Na6 14. Nxh7 Rxh7 15. Qg6+ Kd8 16. Qxh7 d4 17. Ne2 d3 18. cxd3 Qxg2 19. Rg1 Qxf2 20. Qg6 Bd7 21. b3 Qxh4 22. Bb2 Nc7 23. Kc2 Be8 24. Qg2 Bc6 25. Qg3 Qxg3 26. Rxg3 Ke8 27. d4 Kf7 28. Rag1 Ne8 29. Bc3 Rd8 30. dxc5 Bxc5 31. d4 Be7 32. Rg6 Be4+ 33. Kd2 f4 34. R6g4 g5 35. Bb4 Bxb4+ 36. axb4 Bf5 37. Rxg5 f3 38. Nc1 Rxd4+ 39. Ke3 Rxb4 40. Kxf3 Re4 41. Nd3 Rd4 42. Nc5 Rd5 43. Nxb7 Rxe5 44. Rd1 Rb5 45. Nd6+ Nxd6 46. Rxd6 Rxb3+ 47. Kf2 a5 48. Ra6 Rb5 49. Rg1 Bc2 50. Rh1 Kf6 51. Ke3 Rd5 52. Rc1 Bb3 53. Rf1+ Ke5 54. Rh1 Bc2 55. Rh2 Rd3+ 56. Ke2 Rd5 57. Ke3 Rd3+ 58. Ke2 1/2-1/2

[Event "POL-chT2 U18"]
[Site "Sielpa"]
[Date "2004.??.??"]
[Round "8"]
[White "Szromba, Krzysztof"]
[Black "Siembab, Bartosz"]
[Result "1-0"]
[WhiteElo "2230"]
[BlackElo "2135"]
[PlyCount "52"]
[EventDate "2004.??.??"]
[EventType "team"]
[EventRounds "11"]
[EventCountry "POL"]
[SourceTitle "EXT 2007"]
[Source "ChessBase"]
[SourceDate "2006.11.23"]
[SourceVersion "1"]
[SourceVersionDate "2006.11.23"]
[SourceQuality "1"]

1. d4 Nf6 2. c4 e5 3. dxe5 Ng4 4. e3 Nxe5 5. Nh3 d6 6. Nf4 Ng6 7. Nc3 c6 8. Be2 Nd7 9. 0-0 Be7 10. Nh5 0-0 11. Ne4 Nc5 12. Qd4 Ne6 13. Qc3 f5 14. Neg3 Ne5 15. f4 Nd7 16. e4 Bf6 17. Qd2 Ndc5 18. exf5 Nd4 19. Bg4 g6 20. Nxf6+ Qxf6 21. b4 gxf5 22. Bb2 Nce6 23. Nxf5 c5 24. Nxd6 Qg6 25. Bxe6+ Qxe6 26. bxc5 Nf5 1-0

[Event "POL-chT 2nd League"]
[Site "Wysowa"]
[Date "2003.09.10"]
[Round "6"]
[White "Szromba, Krzysztof"]
[Black "Paprocki, Jaroslaw"]
[Result "1/2-1/2"]
[WhiteElo "2172"]
[BlackElo "2123"]
[PlyCount "60"]
[EventDate "2003.09.06"]
[EventType "team-swiss"]
[EventRounds "11"]
[EventCountry "POL"]
[SourceTitle "CBM 096 Extra"]
[Source "ChessBase"]
[SourceDate "2003.10.22"]
[SourceVersion "2"]
[SourceVersionDate "2003.10.20"]
[SourceQuality "1"]
[WhiteTeam "Krakow Korona"]
[BlackTeam "Torun Torfarm 64"]
[WhiteTeamCountry "POL"]
[BlackTeamCountry "POL"]

1. d4 Nf6 2. c4 e6 3. Nc3 Bb4 4. Qc2 c5 5. dxc5 Bxc5 6. Nf3 0-0 7. Bg5 Be7 8. e4 b6 9. e5 Ne8 10. Qe4 Nc6 11. Bd3 g6 12. h4 Bb7 13. Qg4 Nb4 14. Bb1 f5 15. exf6 Bxf6 16. Bh6 Bxc3+ 17. bxc3 Qf6 18. Qd4 Nc6 19. Qe3 Rf7 20. Ng5 Re7 21. Ne4 Qe5 22. Bf4 Qg7 23. 0-0 d5 24. Nd2 e5 25. Bh6 d4 26. cxd4 exd4 27. Qg5 Qe5 28. Nf3 Qxg5 29. Bxg5 Re6 30. Bd3 Nb4 1/2-1/2